000 00418nam a22001337a 4500
020 _qHB.
040 _cFizza Ishaq
082 _a332.637
_bBUR
100 _aMalkiel, G. Burton.
_9132739
245 _aGlobal Bargain Hunting The Investors Guide to Profits in Emerging Markets /
_cBurton G. Malkiel,
260 _aNew York :
_bSimon & Schuster,
_c1998.
300 _a239 p. ;
_c 6.25 x 1 x 9.5 inches
942 _2ddc
_cBK
999 _c616583
_d616583